000 00659nam a22002057a 4500
999 _c195914
_d195914
005 20230510120203.0
010 _aENG-136800
020 _a9788184503708
_c1380.00
035 _aEN-120332
037 _bDeep & Deep Publications PVT. LTD.
037 _bDBAD/PUB
082 _a336.0954
100 _aShandilya, Tapan Kumar
245 _aCentral Loans to States and Finance Commission
_cby Tapan Kumar Shandilya , Abhishek Kumar
260 _aNew Delhi
_bDeep & Deep Publications PVT. LTD.
_c2011
270 _aF-159, Rajouri Garden,
300 _a378p.
_c23cm. (Hb)
700 _a Kumar , Abhishek
942 _2ddc
_cEN
_h336.0954
_mSHA